000 00864nam a22001697a 4500
003 OSt
005 20251124144637.0
008 251124b |||||||| |||| 00| 0 eng d
020 _a978-1-935096-36-8
040 _cCL
100 _aCAFIELD, J
245 _aChicken soup for the soul : extraordinary teens :
_b personal stories and advice from today's most inspiring youth / compiled by Jack Canfield, Mark Victor Hansen and Kent Healy /
260 _aCos Cob, CT :
_bChicken Soup for the Soul Publishing,
_cc2009.
300 _axx, 355 pages :
_billustrations ;
_c 22 cm.
650 _2Teenagers--Literary collections. 2. Teenagers--Conduct of life--Anecdotes. 3. Teenagers writings. 4. Young adults--Literary collections. 5. Young adults--Anecdotes. 6. Celebrities--Literary collections. 7. Celebrities--Anecdotes. I. Canfield,
942 _2ddc
_cBK-CIRC
_n0
999 _c6106
_d6106